000 00559nam a2200181 i 4500
001 74063
003 ES-MaACL
005 20251003063106.0
007 t|
008 040915s1948 mx ||||1| spa d
100 1 _aGonzález Casanova, Pablo,
_d1922-
_958497
245 1 3 _aEl misoneismo y la modernidad cristiana en el siglo XVIII /
_cpor Pablo González Casanova.
250 _a[1ª ed.].
260 _aMéxico :
_bEl Colegio,
_c[1948] (
_fStylo)
300 _a226 p. ;
_c22 cm.
852 _aES-MaACL
_jD-7803
_bR.30320
999 _c74063
_d74063